000 00676nam a2200181 4500
003 LK-CoMWRAF
005 20231213171951.0
008 231213b |||||||| |||| 00| 0 eng d
040 _aLK-CoMWRAF
_dLK-CoMWRAF
_eLK-CoMWRAF
041 _asin
082 _a323
_bLLR
245 _aLLRC වාර් තාවේ සාරාංශය සහ සිවිල් සමාජය
246 _aLLRC warthawe saranshaya saha sivil samajaya
260 _aකොළඹ :
_bශ්‍රී ලංකා ජාතික සාම මංඩලය,
_c2013
650 _aසිවිල් සමාජය
700 _aබ්‍රවුන්, රෙබෙකා
_ecomp.
942 _cBK
999 _c4420
_d4420